| 000 | 01412nam a2200325 4500 | ||
|---|---|---|---|
| 003 | OSt | ||
| 005 | 20260414020534.0 | ||
| 008 | 260406b |||||||| |||| 00| 0 eng d | ||
| 040 |
_aCvSU-CCAT Campus Library. _bEnglish. _cCvSU-CCAT Campus Library. _erda. |
||
| 050 |
_aUM HF 5415.1265 _bD45 2024 |
||
| 100 |
_aDela Cruz, Jenny Rose E., author. _920196 |
||
| 245 |
_aCrafting complimentary marketing strategies : utilizing consumer-determinant paradigm / _cJenny Rose E. Dela Cruz, Hannah L. Dela Roca, Jaycel C. Sosa. |
||
| 260 |
_aRosario, Cavite : _bCavite State University-CCAT Campus, _c2024. |
||
| 300 |
_aii, 83 leaves : _billustrations ; _c28 cm |
||
| 500 | _aUndergraduate Thesis (BSBA) -- Cavite State University-CCAT Campus, 2024. | ||
| 504 | _aIncludes bibliographical references. | ||
| 546 | _aIn English text. | ||
| 650 |
_aElectronic commerce _91365 |
||
| 650 |
_aConsumer behavior _91254 |
||
| 650 |
_aOnline shopping _919117 |
||
| 650 |
_aInternet marketing _91364 |
||
| 650 |
_aPurchase intention _920197 |
||
| 650 |
_aCavite (Philippines) -- Commerce _918868 |
||
| 700 |
_aDela Roca, Hannah L., author. _920198 |
||
| 700 |
_aSosa, Jaycel C., author. _920199 |
||
| 700 |
_aMendoza, Xavier Lawrence D., adviser. _99217 |
||
| 700 |
_aAbug, Nerisa B., technical critic. _99248 |
||
| 942 |
_2lcc _cT/M/D _hHF 5415.1265 D45 2024 _kUM |
||
| 999 |
_c5120 _d5120 |
||